Một số chủ trương chính sách mới về nông nghiệp, lâm nghiệp, thủy sản, thủy lợi và phát triển nông thôn
Сохранить в:
| Формат: | |
|---|---|
| Язык: | Vietnamese |
| Опубликовано: |
Nông nghiệp
2001
|
| Метки: |
Добавить метку
Нет меток, Требуется 1-ая метка записи!
|
| Thư viện lưu trữ: | Mạng thư viện Đại học Đà Nẵng |
|---|
| LEADER | 00725nam a2200241 4500 | ||
|---|---|---|---|
| 001 | 000020433 | ||
| 003 | 16879 | ||
| 005 | 20150318100339.0 | ||
| 008 | 150318s2001 viesd | ||
| 020 | |c 30000 | ||
| 041 | 0 | |a vie | |
| 082 | 1 | 4 | |a 338.18 |b BÔ |
| 245 | 1 | 0 | |a Một số chủ trương chính sách mới về nông nghiệp, lâm nghiệp, thủy sản, thủy lợi và phát triển nông thôn |c Bộ Nông nghiệp và Phát triển Nông thôn |
| 260 | |b Nông nghiệp |c 2001 | ||
| 300 | |a tr. |c cm. | ||
| OWN | |a LSP | ||
| 999 | |a From the UDN01 | ||
| TYP | |a Monograph | ||
| TYP | |a Printed language | ||
| 980 | |a Mạng thư viện Đại học Đà Nẵng | ||